| 000 | 00342nam a2200145Ia 4500 | ||
|---|---|---|---|
| 008 | 230917s9999||||xx |||||||||||||| ||und|| | ||
| 040 |
_e47786 _aMAIN |
||
| 041 | _aEnglish | ||
| 082 | _a853.9 M797R | ||
| 100 | _aMoravia, Alberto | ||
| 245 | 0 | _aRoman tales | |
| 260 |
_aLondon _bSecker and Warburg _c1956 |
||
| 300 | _a229 p. | ||
| 942 | _cBK | ||
| 999 |
_c188158 _d188158 |
||